000 00469nam a22001817a 4500
005 20251218111541.0
008 251218b |||||||| |||| 00| 0 eng d
020 _a978-93-89211-64-1
100 _aPAL, G. K.
245 _aTEXTBOOK OF PRACTICAL PHYSIOLOGY
250 _a5TH ED
260 _aTELANGANA, INDIA
_bUNIVERSITIES PRESS
_c2024
300 _aXIV, 512P.
500 _aINCLUDES INDEX
650 _aPHYSIOLOGY
700 _aPAL, PRAVATI
942 _2lcc
_cBK
999 _c216351
_d216351